| 000 -LEADER |
| fixed length control field |
01551 a2200289 4500 |
| 003 - CONTROL NUMBER IDENTIFIER |
| control field |
Nust |
| 005 - DATE AND TIME OF LATEST TRANSACTION |
| control field |
20221020110433.0 |
| 010 ## - LIBRARY OF CONGRESS CONTROL NUMBER |
| LC control number |
92000932 |
| 020 ## - INTERNATIONAL STANDARD BOOK NUMBER |
| International Standard Book Number |
0387552154 (New York : acid-free paper) |
| 020 ## - INTERNATIONAL STANDARD BOOK NUMBER |
| International Standard Book Number |
3540552154 (Berlin : acid-free paper) |
| 040 ## - CATALOGING SOURCE |
| Transcribing agency |
Nust |
| 082 00 - DEWEY DECIMAL CLASSIFICATION NUMBER |
| Classification number |
005.82,LEC |
| 100 ## - MAIN ENTRY--PERSONAL NAME |
| Personal name |
Frisch, Th. Beth, M. |
| 9 (RLIN) |
100944 |
| 245 00 - TITLE STATEMENT |
| Title |
Public-key cryptography : |
| Remainder of title |
state of the art and future directions : E.I.S.S. workshop, Oberwolfach, Germany, July 3-6, 1991 : final report / |
| Statement of responsibility, etc. |
Th. Beth, M. Frisch, G.J. Simmons, eds. |
| 260 ## - PUBLICATION, DISTRIBUTION, ETC. |
| Place of publication, distribution, etc. |
Berlin ; |
| -- |
New York : |
| Name of publisher, distributor, etc. |
Springer-Verlag, |
| Date of publication, distribution, etc. |
c1992. |
| 300 ## - PHYSICAL DESCRIPTION |
| Extent |
xi, 97 p. : |
| Other physical details |
ill. ; |
| Dimensions |
25 cm. |
| 440 #0 - SERIES STATEMENT/ADDED ENTRY--TITLE |
| Title |
Lecture notes in computer science ; |
| Volume/sequential designation |
578 |
| 9 (RLIN) |
26093 |
| 505 ## - FORMATTED CONTENTS NOTE |
| Formatted contents note |
Introduction (Page-1), Scope of the Workshop (Page-11), List of Topics Chosen Through Self-Assessment (Page-13), Short Classification and Description of the Most Prominent Public-Key Systems (Page-15), Public-Key Cryptography Depending on Computational Number Theory (Page-33), Public-Key System: Mistakes and Problems (Page-55), Projection of need and Requirements for Public-Key systems (Page-63). |
| 650 #0 - SUBJECT ADDED ENTRY--TOPICAL TERM |
| Topical term or geographic name entry element |
Computers |
| General subdivision |
Access control. |
| 9 (RLIN) |
6085 |
| 650 #0 - SUBJECT ADDED ENTRY--TOPICAL TERM |
| Topical term or geographic name entry element |
Public key cryptography. |
| 9 (RLIN) |
95279 |
| 700 1# - ADDED ENTRY--PERSONAL NAME |
| Personal name |
Beth, Thomas, |
| Dates associated with a name |
1949- |
| 9 (RLIN) |
94624 |
| 700 1# - ADDED ENTRY--PERSONAL NAME |
| Personal name |
Frisch, M. |
| Dates associated with a name |
1965- |
| 9 (RLIN) |
100945 |
| 700 1# - ADDED ENTRY--PERSONAL NAME |
| Personal name |
Simmons, Gustavus J. |
| 9 (RLIN) |
100946 |
| 710 2# - ADDED ENTRY--CORPORATE NAME |
| Corporate name or jurisdiction name as entry element |
European Institute for System Security. |
| 9 (RLIN) |
100947 |
| 856 42 - ELECTRONIC LOCATION AND ACCESS |
| Materials specified |
Publisher description |
| Uniform Resource Identifier |
<a href="http://www.loc.gov/catdir/enhancements/fy0815/92000932-d.html">http://www.loc.gov/catdir/enhancements/fy0815/92000932-d.html</a> |
| 942 ## - ADDED ENTRY ELEMENTS (KOHA) |
| Koha item type |
Reference |
| Source of classification or shelving scheme |
|
| Call number prefix |
005.82,LEC |